Statistics for my hero acadamia

Click here to take the quiz!

General Stats

  • This quiz has been taken 238 times
  • The average score is 4 of 7

Answer Stats

HintAnswer% Correct
Who is the main characters role modelAll Might
93%
Who has an ice and fire quirktodoroki
91%
Who is the main characters rivalbakugo
89%
Who has the quirk of sticky ballsmineta
83%
Who does the man character likeuraraka
67%
Who is the main characterMedioria
8%
What organization are the bad guys a part ofVillain league
8%

Score Distribution

Percentile by Number Answered

Percent of People with Each Score

Your Score History

You have not taken this quiz